Sensors and instrumentation

Bibliographic Details
Main Author: Pandey, O. N
Format: Book
Published: New Delhi : S.K. Kataria & Sons , 2014
Subjects:

MARC

LEADER 00000cam a2200000 7i4500
001 0000044200
005 20141217.0
008 141217
020 |a 9350144831 
090 0 0 |a 681.2   |b PAN 
100 1 |a Pandey, O. N 
245 1 0 |a Sensors and instrumentation   |c Dr. O. N. Pandey 
260 |a New Delhi :   |b S.K. Kataria & Sons ,   |c 2014 
650 0 |a Detectors 
650 0 |a Measuring instruments 
999 |a 0001324184   |b Book   |c Adult Collection   |e Perbadanan Perpustakaan Awam Johor